| 000 | 01967ncm0a22003611 4500 | ||
|---|---|---|---|
| 001 | RU\NLR\ONIZ\216622 | ||
| 005 | 20250626062309.0 | ||
| 010 | _a978-5-4386-0866-0 | ||
| 021 |
_aRU _b15-375н _915-22н |
||
| 035 | _aRU\NLR\ONIZ\Таня\5000003886\20170309125519 | ||
| 035 | _a(NLR Aleph) 011414143 | ||
| 090 |
_a11573860 _c11573860 |
||
| 100 | _a20170309d2015 |||y0rusy50 ca | ||
| 101 | 0 | _arus | |
| 102 | _aRU | ||
| 125 | _azx | ||
| 145 | 0 | _ab | |
| 200 | 1 |
_aСюита "Испанская каравелла" _bНоты _eиспан. муз. XVII-XVIII вв. в легкой обраб. для шестиструн. гитары _e2-4 кл. ДМШ и ДШИ _fобраб. В. А. Каминика |
|
| 210 |
_aС. Петербург _cСвое издательство _d2015 |
||
| 215 |
_a13 с. _d29 см |
||
| 313 | _aСистематизация документа проведена по изданию - Методика классифицирования музыкальных произведений (нотных изданий) по таблицам Библиотечно-библиографических классификаций : метод. рекомендации / Гос. б-ка СССР им. В.И. Ленина.- М., 1977. Индексу ББК методических рекомендаций присваивается код ББК для научных библиотек - LBC/SL | ||
| 517 | 1 |
_aИспанская каравелла _eсюита |
|
| 686 |
_aЩ956.419-043-095(4Ис) _vLBC/SL _2rubbk |
||
| 700 | 1 |
_9z03790 _aКаминик _bВ. А. _gВладимир Александрович _4030 _7ca |
|
| 790 | 1 |
_9z03700 _aKaminik _bV. A. _gVladimir Aleksandrovich _4030 |
|
| 801 | 0 |
_aRU _bNLR _c20170309 _gPSBO |
|
| 801 | 1 |
_aRU _bNLR _c20170309 _2rusmarc |
|
| 801 | 2 |
_aRU _bNLR _c20170322 |
|
| 852 |
_aNLR _bМ _jК-3/28325 _pМОЭ 2015-22н/375н (2 экз.) _t1 |
||
| 942 | _cSCORE | ||
| 980 | _aNB | ||
| 980 | _aONIZ | ||